| 000 | 00568nab a2200193 a 4500 | ||
|---|---|---|---|
| 005 | 20210219155315.0 | ||
| 008 | 991125s1985 mx 000 0 spa u | ||
| 035 | _aUPN01000142738 | ||
| 100 | 1 | _aBautista Márquez, María Leonor | |
| 222 | _aACTUALIZARTE | ||
| 245 | _aLos conocimientos medicinales de los aztecas : propuesta par asu aplicación en el aula : primera de dos partes | ||
| 260 | _aMéxico | ||
| 300 | _a38-41 | ||
| 362 | 0 | _a2005 No. 6, sept. | |
| 653 | 0 | _aHERBOLARIA | |
| 653 | 0 | _aMEDICINA TRADICIONAL | |
| 653 | 0 | _aMEXICO | |
| 905 | _aArticulo | ||
| 999 |
_c114885 _d114885 |
||